[Event "Quilpue Ruy Lopez"]
[Site "Quilpue"]
[Date "2013.02.22"]
[Round "7"]
[White "Schmidlin, Eric"]
[Black "Aguirre Contreras, Cristian Rodrigo"]
[Result "0-1"]
[WhiteElo "2086"]
[BlackElo "2010"]
[PlyCount "70"]
[EventDate "2013.02.18"]
[EventType "tourn"]
[EventRounds "9"]
[EventCountry "CHI"]
[SourceTitle "EXT 2014"]
[Source "ChessBase"]
[SourceDate "2013.11.20"]
[SourceVersion "1"]
[SourceVersionDate "2013.11.20"]
[SourceQuality "1"]

1. e4 c5 2. Nf3 g6 3. Be2 Bg7 4. 0-0 Nc6 5. c3 Nf6 6. e5 Nd5 7. d4 cxd4 8. cxd4 0-0 9. Nc3 Nxc3 10. bxc3 d6 11. exd6 Qxd6 12. a4 Be6 13. Ba3 Qc7 14. Re1 Bf6 15. Rc1 Rfd8 16. Bb4 Na5 17. Nd2 a6 18. Bd3 Rd7 19. Ne4 Bb3 20. Nxf6+ exf6 21. Qf3 f5 22. Re3 Bxa4 23. Rce1 Rdd8 24. Bxf5 Bc6 25. Qh3 Nc4 26. Re7 Re8 27. f3 Qf4 28. Bd7 Rxe7 29. Bxe7 Qd2 30. Bh4 Qxc3 31. Bxc6 bxc6 32. Qd7 Ne3 33. Bf2 Nd5 34. Re8+ Kg7 35. h3 Nf6 0-1

[Event "CHI-ch"]
[Site "Santiago de Chile"]
[Date "2004.02.09"]
[Round "1.4"]
[White "Llorens Sepulveda, Marcelo"]
[Black "Schmidlin, Eric"]
[Result "1-0"]
[WhiteElo "2384"]
[BlackElo "2112"]
[PlyCount "79"]
[EventDate "2004.02.09"]
[EventType "swiss"]
[EventRounds "11"]
[EventCountry "CHI"]
[SourceTitle "CBM 098 Extra"]
[Source "ChessBase"]
[SourceDate "2004.03.10"]
[SourceVersion "2"]
[SourceVersionDate "2004.03.10"]
[SourceQuality "1"]

1. e4 c6 2. Nc3 d5 3. Nf3 Bg4 4. h3 Bxf3 5. Qxf3 e6 6. d4 Nf6 7. Bd3 Be7 8. e5 Nfd7 9. 0-0 0-0 10. Ne2 Re8 11. c3 c5 12. Qg4 cxd4 13. cxd4 Bf8 14. Be3 g6 15. h4 h5 16. Qh3 Nc6 17. Rad1 Ne7 18. g4 hxg4 19. Qxg4 Bg7 20. h5 Nf8 21. Nf4 Qd7 22. Kg2 Nf5 23. Rh1 Nh6 24. Qg3 g5 25. Qxg5 Nh7 26. Qg3 f5 27. exf6 Nxf6 28. Ng6 Nfg4 29. Ne5 Bxe5 30. dxe5 Kh8 31. Bg6 Rf8 32. Bd4 Qb5 33. Rd2 Rac8 34. Rh4 Rc1 35. Qd3 Qb4 36. Qa3 Qxd2 37. Qxf8+ Ng8 38. Qf7 N4f6 39. exf6 Qg5+ 40. Kf3 1-0

[Event "CHI-ch"]
[Site "Vina del Mar"]
[Date "1998.??.??"]
[Round "6"]
[White "Llanos, Guillermo"]
[Black "Schmidlin, Eric"]
[Result "1-0"]
[WhiteElo "2370"]
[BlackElo "2155"]
[PlyCount "64"]
[EventDate "1998.??.??"]
[EventType "tourn"]
[EventRounds "11"]
[EventCountry "CHI"]
[EventCategory "2"]
[SourceTitle "EXT 1999"]
[Source "ChessBase"]
[SourceDate "1998.11.16"]
[SourceVersion "1"]
[SourceVersionDate "1998.11.16"]
[SourceQuality "1"]

1. d4 Nf6 2. c4 g6 3. Nc3 Bg7 4. e4 d6 5. Nf3 0-0 6. Be2 e5 7. 0-0 Nc6 8. d5 Ne7 9. Ne1 Nd7 10. Nd3 f5 11. Bd2 Nf6 12. f3 f4 13. g4 fxg3 14. hxg3 Nh5 15. Kg2 c5 16. Be3 Kh8 17. Qd2 Ng8 18. Rh1 Rf7 19. Rh2 Bf6 20. Rah1 Be7 21. f4 exf4 22. gxf4 Nhf6 23. e5 Ng4 24. e6 Nxe3+ 25. Qxe3 Rg7 26. Ne4 Nf6 27. Ng5 Kg8 28. Nf2 b5 29. Nf7 Qe8 30. Ne4 Nxe4 31. Qxe4 bxc4 32. Rxh7 Rxh7 1-0